000 00855nam a22002177a 4500
999 _c11471
_d11471
003 AR-CdUCM
008 190404b ||||| |||| 00| 0 spa d
040 _aMUNICIPALIDAD PROVINCIAL DEL CUSCO
_cBIBLIOTECA MUNICIPAL DEL CUSCO
082 _23ed.
_a343.8 /
_bM16 / 1947
100 _aMaguiña Pajuelo, Edgardo,
_928846
245 _aEspecies valoradas /
260 _aLima :
_c1947.
300 _axii, 156 paginas ;
_c21 cm.
505 _aContenido : De leyes, decretos, resoluciones supremas y ministeriales por materias -- Por numeración correlativa de las leyes -- Cronológico de resoluciones supremas y ministeriales -- Cronológico de decretos supremos.
650 _aDerechos
_96548
650 _aLegislación Perú
_94735
650 _aDecretos
_97384
650 _aResoluciones ministeriales
_928847
942 _2ddc
_cLIBROS
945 _awnts